000 00288nam a22001337a 4500
008 170620b xxu||||| |||| 00| 0 eng d
020 _a0801311691
041 _aeng
080 _23RD
_a32
100 _a20
101 _aSHP
245 _aTHE BRITISH POLITY
_cNORTON,PH
942 _2udc
_cBK
999 _c18220
_d18220